000 00564nam a22001937a 4500
003 BD-DhJNU
005 20251009045246.0
008 251009b |||||||| |||| 00| 0 eng d
020 _a9781036860226
040 _aBD-DhJNU
_bENG
_cBD-DhJNU
_dBD-DhJNU
082 _223
_a301.0954
100 _aBrown, A. R.
245 _aThe Andaman islanders :
_ba study in social anthropology /
_cA. R. Brown
260 _aCambridge :
_bSothis Press,
_c1922.
300 _axiv, 504 p. :
_bill. ;
_c24 cm.
504 _aincludes index
650 _aAnthropology
942 _2ddc
_cBK
_n0
999 _c2213
_d2213